<?xml version="1.0" encoding="UTF-8"?>
<record
    xmlns:xsi="http://www.w3.org/2001/XMLSchema-instance"
    xsi:schemaLocation="http://www.loc.gov/MARC21/slim http://www.loc.gov/standards/marcxml/schema/MARC21slim.xsd"
    xmlns="http://www.loc.gov/MARC21/slim">

  <leader>00811nam a2200145Ia 4500</leader>
  <controlfield tag="008">210324s9999||||xx |||||||||||||| ||und||</controlfield>
  <datafield tag="040" ind1=" " ind2=" ">
    <subfield code="c">STCPL</subfield>
  </datafield>
  <datafield tag="041" ind1=" " ind2=" ">
    <subfield code="h">HND</subfield>
  </datafield>
  <datafield tag="082" ind1=" " ind2=" ">
    <subfield code="a">891.431</subfield>
    <subfield code="b">VIS-H</subfield>
  </datafield>
  <datafield tag="245" ind1=" " ind2="0">
    <subfield code="a">Madhya  kaleen hindi tankrik prista boomi</subfield>
    <subfield code="h">&#x92E;&#x927;&#x94D;&#x92F;&#x915;&#x93E;&#x932;&#x93F;&#x928; &#x939;&#x93F;&#x928;&#x94D;&#x926;&#x940; &#x915;&#x93E;&#x935;&#x94D;&#x92F; &#x915;&#x93F;&#x924;&#x93E;&#x902;&#x924;&#x94D;&#x930;&#x93F;&#x915; &#x92A;&#x943;&#x937;&#x94D;&#x91F;&#x92D;&#x942;&#x92E;&#x93F;</subfield>
  </datafield>
  <datafield tag="260" ind1=" " ind2=" ">
    <subfield code="b">Sahitya Bhaval Ltd.</subfield>
    <subfield code="c">1963</subfield>
  </datafield>
  <datafield tag="300" ind1=" " ind2=" ">
    <subfield code="a">P  344  22   CM</subfield>
  </datafield>
  <datafield tag="650" ind1=" " ind2=" ">
    <subfield code="a">East Indo-European And Celtic LiteraturesHindiiiiiiiiiiiiiiii&#x932;&#x93E;&#x932;&#x930;&#x941;&#x916;, &#x92A;&#x94D;&#x930;&#x92C;&#x941;&#x918;&#x94D;&#x926;, &#x932;&#x93E;&#x932; &#x92A;&#x93E;&#x928;&#x93F; , &#x930;&#x941;&#x920;&#x940; &#x930;&#x93E;&#x928;&#x940;, &#x935;&#x93F;&#x930; &#x92C;&#x93E;&#x926;&#x932; , &#x92C;&#x93E;&#x923;-&#x935;&#x918;&#x941;, &#x928;&#x935;&#x93E;&#x92C; &#x928;&#x928;&#x915;&#x941;, &#x92A;&#x941;&#x930;&#x941;&#x937;&#x924;&#x94D;&#x935;, &#x915;&#x928;&#x94D;&#x92F;&#x93E;&#x926;&#x93E;&#x928;, &#x92C;&#x93E;&#x939;&#x930; &#x92D;&#x940;&#x924;&#x930;, &#x935;&#x93F;&#x918;&#x935;&#x93E;&#x936;&#x94D;&#x930;&#x92E; </subfield>
  </datafield>
  <datafield tag="942" ind1=" " ind2=" ">
    <subfield code="c">BK</subfield>
  </datafield>
  <datafield tag="999" ind1=" " ind2=" ">
    <subfield code="c">10085</subfield>
    <subfield code="d">10085</subfield>
  </datafield>
  <datafield tag="952" ind1=" " ind2=" ">
    <subfield code="0">0</subfield>
    <subfield code="1">0</subfield>
    <subfield code="4">0</subfield>
    <subfield code="7">0</subfield>
    <subfield code="a">STCPL</subfield>
    <subfield code="b">STCPL</subfield>
    <subfield code="c">D 5</subfield>
    <subfield code="d">2021-07-10</subfield>
    <subfield code="g">10.00</subfield>
    <subfield code="l">0</subfield>
    <subfield code="o">891.431 VIS-M</subfield>
    <subfield code="p">17024</subfield>
    <subfield code="r">2021-07-10 00:00:00</subfield>
    <subfield code="w">2021-07-10</subfield>
    <subfield code="y">BK</subfield>
  </datafield>
</record>
